000 00680nam a2200205Ia 4500
005 20260121110239.0
008 008 260114s9999 xx 000 0 hin d
020 _a9788132367239
037 _aEBOOK
040 _aCRL
_bhin
_cCRL
041 _ahin
_2hin
084 _qCRL
100 _aगणेश उप्पल / Ganesh Uppal
_9943843
245 0 _aग्रामीण महिला विकास योजनाएं / Grameen Mahila Vikas Yojnaayein
260 _bभाषा प्रकाशन / Bhasha Prakashan
_c2021
856 _uhttps://bhashaprakashan.com/product-details/379580
942 _cEBOOK
999 _c1535508
_d1535508